The Data Science Design Manual

Gorde:
Xehetasun bibliografikoak
Egile nagusia: Skiena, Steven S.
Formatua: Liburua
Argitaratua: springer
Etiketak: Etiketa erantsi
Etiketarik gabe, Izan zaitez lehena erregistro honi etiketa jartzen!

MARC

LEADER 00000nam a2200000Ia 4500
005 20260515061616.0
100 |a Skiena, Steven S. 
020 |a 9783319856636 
942 |c BK 
245 |a The Data Science Design Manual  
260 |b springer 
999 |c 36  |d 36 
952 |0 0  |1 0  |4 0  |7 0  |a ABDN  |b ABDN  |d 2026-05-15  |l 0  |p 000002  |r 2026-05-15 06:16:16  |w 2026-05-15  |y BK